| 000 | 00582nam a2200205Ii 4500 | ||
|---|---|---|---|
| 003 | JO-AjNU | ||
| 008 | 230606s9999||||xx |||||||||||||| ||und|| | ||
| 040 |
_aJO-AjNU _beng _erda _cJO-AjNU |
||
| 041 | _aeng | ||
| 050 | 1 | 4 | _aPQ2637.A82.D513 1960 |
| 100 | 3 |
_aSartre, Jean-Paul, _eauthor _95560 |
|
| 245 | 0 | 4 | _aThe Devil & the Good Lord and two other plays |
| 250 | _aFirst ed | ||
| 264 | 3 | 1 | _aNew York: Vintage Books,1960 |
| 300 | _a438P | ||
| 336 |
_atext _btxt _2rdacontent |
||
| 337 |
_aunmediated _bn _2rdamedia |
||
| 338 |
_avolume _bnc _2rdacarrier |
||
| 650 | 4 |
_aPlays _95561 |
|
| 999 |
_aE2877 _c2875 _d2875 |
||